000
00312nam a2200145 a 4500
005
20260702181356.0
020
_a
9780743273565
100
1
_a
Fitzgerald, F. Scott
245
1
0
_a
The Great Gatsby
260
_a
New York
_b
Scribner
_c
2004
300
_a
180 p.
041
0
_a
eng
650
0
_a
Roman american
942
_c
BK
999
_c
41
_d
41